000 00883nam a2200253Ia 4500
003 OSt
005 20220927103135.0
006 a|||||r|||| 00| 0
007 ta
008 220926b |||||||| |||| 00| 0 eng d
024 _a17661
037 _cReference Collections
040 _aRTL
_cRTL
_beng
041 _2eng
_aeng
082 _a"Y:50aX:77.1.N7, M1/UN"
110 _a"United Nations , International Economic And Social Affairs (Deptt of-)"
_9353541
245 0 _aMapping of interrelationships between population and development
260 _aNew
_bYork United Nations Publication
_c1981
300 _a35p.
_ccm.
650 _apopulation
_9353542
700 _a"United Nations , International Economic And Social Affairs (Deptt of-)"
_9353543
942 _h"Y:50aX:77.1.N7, M1/UN"
_cCC
999 _c680827
_d680827